Antagonismo social y acción colectiva /
Sparad:
| Huvudupphovsman: | |
|---|---|
| Materialtyp: | Text |
| Taggar: |
Lägg till en tagg
Inga taggar, Lägg till första taggen!
|
MARC
| LEADER | 00000 a a2200000 04500 | ||
|---|---|---|---|
| 001 | 10967 | ||
| 003 | |||
| 040 | |||
| 100 | |a Vakaloulis, Michel | ||
| 245 | |a Antagonismo social y acción colectiva / |c Michel Vakaloulis | ||
| 773 | |g número 2; páginas 158-164 | ||
| 999 | |c 27575 |d 27575 | ||
